000 00325nam a2200133Ia 4500
008 240827s9999 xx 000 0 und d
020 _a9789390128228
100 _aPitabas Mohanty
245 0 _aSpreadsheet Skills for Finance Professionals
250 _a2nd
260 _bTaxmann
_c2020
650 _aCommerce
942 _cBK
999 _c27098
_d27098